000 00854cam a2200253 a 4500
001 14682465
005 20180312045745.0
008 061228s2007 nyua b 001 0 eng
010 _a 2006103423
020 _a9780071488488
020 _a0071488480
040 _aDLC
_cDLC
_dDLC
041 _aeng
080 _a808.02 ROZ
082 0 0 _a808.02 ROZ
_222
100 1 _a25
101 _aEDU
245 1 0 _aSchaum's quick guide to writing great research papers /
_cLaurie Rozakis.
246 3 0 _aQuick guide to writing great research papers
504 _aIncludes bibliographical references and index.
906 _a7
_bcbc
_corignew
_d1
_eecip
_f20
_gy-gencatlg
942 _2ddc
_cBK
999 _c44681
_d44681